Entry Uniform Title
001 - CONTROL NUMBER
- control field: 6772
003 - CONTROL NUMBER IDENTIFIER
- control field: LDD
005 - DATE AND TIME OF LATEST TRANSACTION
- control field: 20190624160241.0
008 - FIXED-LENGTH DATA ELEMENTS
- fixed length control field: 190624|| aca||aabn | a|a d
040 ## - CATALOGING SOURCE
- Original cataloging agency: LDD
- Transcribing agency: LDD
130 ## - HEADING--UNIFORM TITLE
- Uniform title: United Nations Framework Convention on Climate Change (1992 May 9)
670 ## - SOURCE DATA FOUND
- Source citation: Work cat.: (LDD)152190: Kellow, Aynsley J. (Aynsley John), 1951- author. 374, Negotiating climate change :
